Role of smallholders in plantation crops production (Record no. 45417)

MARC details
000 -LEADER
fixed length control field 00349nam a2200133Ia 4500
100 ## - MAIN ENTRY--AUTHOR NAME
Personal name Weeraratne C S
245 #0 - TITLE STATEMENT
Title Role of smallholders in plantation crops production
260 ## - PUBLICATION, DISTRIBUTION, ETC. (IMPRINT)
Name of publisher Economic Review
Year of publication 1987
300 ## - PHYSICAL DESCRIPTION
Number of Pages 11-May
650 ## - SUBJECT ADDED ENTRY--TOPICAL TERM
Topical Term Plantation crops
650 ## - SUBJECT ADDED ENTRY--TOPICAL TERM
Topical Term Smallholders
942 ## - ADDED ENTRY ELEMENTS (KOHA)
Koha item type Reprints
Holdings
Withdrawn status Lost status Damaged status Not for loan Home library Current library Shelving location Date acquired Serial Enumeration / chronology Accession Number Koha item type
      Reprints RRII Library RRII Library Economics 22/12/2021 Volume 13, Issue P01167 Reprints